000
00407nam a22001697a 4500
003
MPLRDC
005
20220104123951.0
008
210129b ||||| |||| 00| 0 eng d
082
_a
173.8 ZJR
100
_a
张九如
245
_a
群众心理与群众领导
_c
250
_a
二版
260
_a
_b
台湾商务印书馆
_c
1964
300
_b
平
650
_a
集体心理学
942
_c
BK
_o
173.8 ZJR
999
_c
15596
_d
15586